LIBRARY & INFORMATION CENTRE, KCAET, TAVANUR

ONLINE PUBLIC ACCESS CATALOGUE (OPAC)

Round the world in Eighty days / (Record no. 844)

MARC details
000 -LEADER
fixed length control field 00491cam a2200181ua 4500
041 ## - LANGUAGE CODE
Language code of text/sound track or separate title eng
082 ## - DEWEY DECIMAL CLASSIFICATION NUMBER
Classification number 823.308
Item number VER/RO
100 ## - MAIN ENTRY--AUTHOR NAME
Personal name Verne, Jules .
245 ## - TITLE STATEMENT
Title Round the world in Eighty days /
260 ## - PUBLICATION, DISTRIBUTION, ETC. (IMPRINT)
Place of publication :
Name of publisher Longman ,
Year of publication 1965.
300 ## - PHYSICAL DESCRIPTION
Number of Pages 157 ; .
490 0# - SERIES STATEMENT
Series statement Longman`s simplified English series,
Volume number/sequential designation
942 ## - ADDED ENTRY ELEMENTS (KOHA)
Koha item type Books
Holdings
Withdrawn status Lost status Damaged status Home library Current library Date acquired Full call number Accession Number Koha item type
Withdrawn     KAUAET Malayalam University 07/04/2012 823.308 10172 Books
Withdrawn     KAUAET Malayalam University 07/04/2012 823.308 10955 Books
free website counter